Tomás Barros (Record no. 180938)

MARC details
000 -LEADER
campo de control de longitud fija 00788nam a2200205 i 4500
001 - NÚMERO DE CONTROL
campo de control 180938
003 - IDENTIFICADOR DE NÚMERO DE CONTROL
campo de control ES-MaACL
005 - FECHA Y HORA DE LA ÚLTIMA TRANSACCIÓN
campo de control 20230906221225.0
008 - DATOS DE LONGITUD FIJA--INFORMACIÓN GENERAL
campo de control de longitud fija 120831s1987 sp |||| | glg d
080 ## - NÚMERO DE LA CLASIFICACIÓN DECIMAL UNIVERSAL
Número de la Clasificación Decimal Universal 75 Barros, Tomás (083.824)
100 1# - ENTRADA PRINCIPAL--NOMBRE DE PERSONA
Nombre de persona Barros, Tomás (
Fechas asociadas al nombre 1922-1986)
9 (RLIN) 26051
245 10 - MENCIÓN DEL TÍTULO
Título Tomás Barros
Resto del título : mostra da sua obra plastica, cun complemento grafico-bibliografico e documental : Museo Galego de Arte Contemporánea "Carlos Maside" decembro de 1987.
260 ## - PUBLICACIÓN, DISTRIBUCIÓN, ETC.
Lugar de publicación, distribución, etc. Sada, A Coruña :
Nombre del editor, distribuidor, etc. Do Castro,
Fecha de publicación, distribución, etc. 1987.
300 ## - DESCRIPCIÓN FÍSICA
Extensión 18, [16] p. :
Otras características físicas il. ;
Dimensiones 24 cm.
600 14 - PUNTO DE ACCESO ADICIONAL DE MATERIA--NOMBRE DE PERSONA
Nombre de persona Barros, Tomás (
Fechas asociadas al nombre 1922-1986)-
Subdivisión de forma Exposiciones.
9 (RLIN) 26052
655 #7 - TERMINO DE INDIZACIÓN--GENERO/FORMA
Fuente del término tgfbne
9 (RLIN) 193628
Datos o término principal de género/forma Catálogos de exposiciones
852 ## - LOCALIZACIÓN
Ubicación ES-MaACL
Número de control de estantería 2318-F-21
942 ## - ELEMENTOS DE ENTRADA SECUNDARIOS (KOHA)
Fuente del sistema de clasificación o colocación Clasificación decimal universal
Holdings
Estatus retirado Estado de pérdida Estado de daño No para préstamo Colección Biblioteca de origen Biblioteca actual Ubicación en estantería Fecha de adquisición Fuente de adquisición Total de préstamos Signatura topográfica completa Código de barras Visto por última vez Precio de reemplazo Tipo de ítem Koha
        Colección de folletos Biblioteca del Ateneo de Madrid Biblioteca del Ateneo de Madrid Depósito folletos 31/08/2012     2318-F-21 1190135 23/02/2023 23/02/2023 Folleto